Star Trek: Ship Classes - Statistics

General Stats
  • This quiz has been taken 194 times
  • The average score is 14 of 20
Answer Stats
Picture Answer % Correct
Galaxy Class
99%
Defiant Class
92%
Constitution Class
89%
Intrepid Class
87%
NX Class
83%
Miranda Class
77%
Excelsior Class (Refit)
76%
Sovereign Class
74%
Ambassador Class
73%
Nebula Class
69%
Constellation Class
66%
Akira Class
65%
California Class
64%
Prometheus Class
62%
Nova Class
61%
Oberth Class
60%
Crossfield Class
50%
Protostar Class
41%
Odyssey Class
35%
Luna Class
33%
No matching quizzes found
Score Distribution
Percent of People with Each Score
Percentile by Number Answered
Your Score History
You have not taken this quiz